000 00695cam a22002293a 4500
001 66
003 PGUSA
005 20140828082942.0
008 930501s1993||||xxu|||||s|||||000 | eng d
040 _aPGUSA
_beng
042 _adc
050 4 _aTK
100 1 _aJoly, Norman F.
245 1 4 _aThe Dawn of Amateur Radio in the U.K. and Greece :
_bA Personal View
_h[electronic resource] /
_cNorman F. Joly
260 _bProject Gutenberg,
_c1993
506 _aCopyrighted. Read the copyright notice inside this book for details.
516 _aElectronic text
653 _aRadio broadcasting
830 0 _aProject Gutenberg
_v66
856 4 0 _uhttp://www.gutenberg.org/ebooks/66
942 _cEB
999 _c229437
_d229437